000 00440nam a2200169Ia 4500
003 OSt
005 20230426164847.0
008 210423s2009 xx 000 0 und d
020 _a97890521706827
040 _cAL
041 _aeng
082 _a382.02
_223
_bWTOS
245 _aHandbook on reading WTO goods and services schedules.
260 _aNew Delhi
_bCambridge University Press
_c2009
300 _avi,140
_bPB
942 _2ddc
_cBK
999 _c161168
_d161168